000 006210000a22001810004500
003 MACL
005 20160507163516.0
008 160507b xxu||||| |||| 00| 0 eng d
040 _aMACL
_cMACL
041 _aHindi
082 _a550
100 _aपाण्‍डेय, शिवाशंकर
_955631
245 _aसंक्षिप्‍त ज्‍योतिष ज्ञानकोश
_cशिवाशंकर पाण्‍डेय
260 _bरानी पब्लिकेशंस
_aनई दिल्‍ली
350 _a90
650 _aAstronomy
_955632
942 _cHIN
_k550
_2ddc
999 _c9453
_d9453